| 000 | 01186nam a22002777a 4500 | ||
|---|---|---|---|
| 005 | 2010101908158.0 | ||
| 008 | 101019t xxu||||| |||| 00| 0 hin d | ||
| 010 | _aHIN-94114 | ||
| 020 |
_c300.00 _a9788176753111 |
||
| 035 | _aHN-66460 | ||
| 037 | _bDBAD / PUB | ||
| 040 |
_aDPL _bHN |
||
| 082 | _a823.08 | ||
| 100 | _923632 | ||
| 245 |
_aउत्तर-औपनिवेशिक विमर्श और हिन्दी कविता / _cपी. रवि द्वारा संपादित |
||
| 260 |
_aहरियाणा _bआधार प्रकाशन _c2011 |
||
| 270 |
_aएस.सी.एफ. 267,सेक्टर-16 पंचकुला _bहरियाणा _k134113 _e0172-2566952, 2520244 _maadhar-prakashan@yahoo.com |
||
| 300 | 1 |
_a200पृ _c22सेमी (सजिल्द) |
|
| 650 | _9657 | ||
| 650 | _934273 | ||
| 700 |
_934278 _aपी. रवि |
||
| 710 | _934811 | ||
| 710 | _935049 | ||
| 942 |
_2ddc _cHN _h823.08 _mउत्तर |
||
| 999 |
_c57218 _d57218 |
||